000 00360nam a2200121Ia 4500
008 220217s9999 xx 000 0 und d
245 0 _aMethods of testing vulcanized. Part A 24. Dynamic testing of vulcanized rubber.
260 _c1968
500 _aStandard number: BS 903 Part A 25
650 _aDynamic testing
650 _aVulcanized rubber
942 _cST
999 _c73181
_d73181